000 00578nam a22002177a 4500
003 OSt
005 20160530190751.0
008 160530b xxu||||| |||| 00| 0 eng d
020 _a1857758307
040 _cDNLM
082 _aWB120 S33m 2004
100 _aSalinsky, John
_99139
245 _aMedicine and Literature:the doctor's companion to the classics
250 _aVol.2
260 _aUK; Radcliffe Medical Press, 2004
300 _ax,281p; ill: 24cm
505 _aIndex included
650 _aMedicine
_9324
651 _aDoctor's guide
_99140
942 _2z
_cO_SHELF
999 _c4242
_d4242